| 000 | 00713nam a22001577a 4500 | ||
|---|---|---|---|
| 003 | OSt | ||
| 005 | 20150919155523.0 | ||
| 008 | 150919b xxu||||| |||| 00| 0 eng d | ||
| 040 | _cRUA | ||
| 082 | _aAGR YIN 2004 B030 Or.1 | ||
| 100 |
_9886 _aYIN, PHANADETH. |
||
| 245 | _aintercropping systems between hevea rows at the research station of the rubber rubber research institute of cambodia ( ប្រព័ន្ធដំណាំចន្លោះរងកៅស៊ូនៅស្តានីយ៍ពិសោធន៍នៃវីទ្យាស្តានស្រាវជ្រាវកៅស៊ូកម្ពូជា) | ||
| 260 |
_aPhnom Penh _bRUA _c2004 |
||
| 300 |
_a50p. _bill. _c29cm. |
||
| 942 |
_2ddc _cAGR |
||
| 999 |
_c854 _d854 |
||